Complete the film title (Amy Adams) - Statistics

General Stats
  • This quiz has been taken 67 times
    25 since last reset
  • The average score is 9 of 18
Answer Stats
Film Title % Correct
Catch Me If You {Can}
89%
Drop Dead {Gorgeous}
83%
Julie & {Julia}
78%
Leap {Year}
67%
Batman v Superman: Dawn of {Justice}
61%
Charlie Wilson's {War}
61%
Dear Evan {Hansen}
56%
American {Hustle}
50%
Justice {League}
50%
Man of {Steel}
50%
Nocturnal {Animals}
50%
Talladega Nights: The Ballad of Ricky {Bobby}
44%
Night at the Museum: Battle of the {Smithsonian}
33%
The Woman in the {Window}
33%
Hillbilly {Elegy}
28%
Tenacious D in The Pick of {Destiny}
17%
The Wedding {Date}
17%
Trouble with the {Curve}
17%
No matching quizzes found
Score Distribution
Percent of People with Each Score
Percentile by Number Answered
Your Score History
You have not taken this quiz since the last reset